Everton: The Premier League Years - Statistics

General Stats
  • This quiz has been taken 611 times
    63 since last reset
  • The average score is 29 of 69
Answer Stats
Answer % Correct
David Moyes
89%
Dominic Calvert-Lewin
87%
Jordan Pickford
85%
Séamus Coleman
85%
Sean Dyche
83%
Romelu Lukaku
81%
Leighton Baines
77%
Carlo Ancelotti
72%
Duncan Ferguson
70%
Frank Lampard
68%
Phil Jagielka
68%
Rafael Benítez
66%
Wayne Rooney
66%
Marco Silva
64%
Roberto Martínez
64%
Ronald Koeman
64%
Richarlison
62%
James Tarkowski
60%
Tim Howard
58%
Iliman Ndiaye
55%
Marouane Fellaini
51%
Dwight McNeil
49%
Sam Allardyce
49%
Tim Cahill
49%
Abdoulaye Doucouré
47%
Walter Smith
47%
Howard Kendall
45%
Gareth Barry
43%
Neville Southall
43%
Phil Neville
43%
Gylfi Sigurðsson
42%
Joe Royle
42%
Kevin Campbell
42%
Leon Osman
38%
Mikel Arteta
38%
Nikica Jelavić
38%
Tony Cottee
38%
Yakubu Aiyegbeni
38%
Dave Watson
36%
David Weir
36%
Louis Saha
36%
Mike Walker
36%
Sylvain Distin
36%
David Unsworth
34%
Lucas Digne
34%
Andy Johnson
32%
James Beattie
30%
Paul Rideout
30%
Joleon Lescott
28%
Lee Carsley
28%
Steven Pienaar
28%
Alan Stubbs
26%
Andrei Kanchelskis
25%
Ashley Williams
25%
Ross Barkley
25%
Anthony Gordon
23%
Alex Iwobi
21%
Gary Speed
21%
Joseph Yobo
21%
Nigel Martyn
21%
John Heitinga
19%
Kevin Kilbane
15%
Thomas Myhre
15%
Nicky Barmby
13%
Richard Wright
13%
Gary Ablett
11%
Craig Short
9%
Jermaine Beckford
9%
Per Krøldrup
0%
No matching quizzes found
Score Distribution
Percent of People with Each Score
Percentile by Number Answered
Your Score History
You have not taken this quiz since the last reset